| 000 | 00615nam a2200181 a 4500 | ||
|---|---|---|---|
| 001 | 000029052 | ||
| 005 | 20200930055312.0 | ||
| 008 | 110413s1993 dr 000 0 spa d | ||
| 020 | _a8492389370 | ||
| 040 |
_aDO-SdBNP _bspa _cBNPHU |
||
| 100 | 1 |
_aVillamán Pérez, Marcos _953447 |
|
| 245 | 1 | 0 |
_aAmérica Latina : _bmodernidad y culturas populares, desafíos y posibilidades / _cMarcos Villamán Pérez. |
| 260 |
_aSanto Domingo : _bCentro Proveda, _c1993. |
||
| 300 |
_a19 p. ; _c28 cm. |
||
| 490 | 1 |
_aCuaderno de sociedad y educación _v2 |
|
| 830 | 0 |
_aCuaderno de sociedad y educación _v2 _936699 |
|
| 049 | _aBNPD | ||
| 999 |
_c28544 _d28544 |
||